000
00277nam a22001337a 4500
008
171129b xxu||||| |||| 00| 0 eng d
020
_a
9780739835456
041
_a
eng
080
_a
51
100
_a
36
101
_a
MAT
245
_a
REFRESHER
_c
SCHNELL,D
942
_2
udc
_c
BK
999
_c
38616
_d
38616